Theoretical and Methodological Foundations of the Management by Objectives for the Regional Socio-economic Systems Development (Record no. 310510)
[ view plain ]
| 000 -LEADER | |
|---|---|
| fixed length control field | 00581nam a2200133Ia 4500 |
| 008 - FIXED-LENGTH DATA ELEMENTS--GENERAL INFORMATION | |
| fixed length control field | 170221s9999 xx 000 0 und d |
| 100 ## - MAIN ENTRY--PERSONAL NAME | |
| Personal name | Sergey M. Reznichenko |
| 245 ## - TITLE STATEMENT | |
| Title | Theoretical and Methodological Foundations of the Management by Objectives for the Regional Socio-economic Systems Development |
| 245 ## - TITLE STATEMENT | |
| Statement of responsibility, etc | Sergey M. Reznichenko, Viktor O. Shishkin, Rustem A. Shichiyakh, Vitaly M. Smolentsev |
| 260 ## - PUBLICATION, DISTRIBUTION, ETC. (IMPRINT) | |
| Name of publisher, distributor, etc | International Review of Management and Marketing |
| 260 ## - PUBLICATION, DISTRIBUTION, ETC. (IMPRINT) | |
| Date of publication, distribution, etc | 2012 |
| 650 ## - SUBJECT ADDED ENTRY--TOPICAL TERM | |
| General subdivision | Marketing. |
| 856 ## - ELECTRONIC LOCATION AND ACCESS | |
| Uniform Resource Identifier | <a href="http://www.econjournals.com/index.php/irmm/issue/view/116">http://www.econjournals.com/index.php/irmm/issue/view/116</a> |
| Withdrawn status | Lost status | Damaged status | Home library | Current library | Date acquired | Total Checkouts | Date last seen | Price effective from | Koha item type |
|---|---|---|---|---|---|---|---|---|---|
| College Library | College Library | 02/21/2017 | 02/21/2017 | 02/21/2017 | Foreign e-journal articles |